000 00706 a2200229 4500
003 DO-SdBNP
005 20240307183156.0
007 ta
008 210915b 2019 dr c 00| 0 eng d
020 _a9789945896442
040 _aDO-SdBNP
_bspa
_cBNPHU
082 4 _2BNPHU
_bC117G
100 1 _aCabral, Euri
_91097
245 1 _aGilbert :
_bhřoe de dos pueblos. Vida y obra del patriota Gregorio Urbano Gilbert /
_cEuri Cabral
260 _bSanto Domingo :
_cIanna,
_a2019.
300 _a225 p. :
_bil. ;
_c24 cm.
500 _aIncluye datos biogrf̀icos del autor en las solapas
504 _aBibliografa̕ : p. 221-225
590 _aInventariado, 2021/BT
910 _aBtavr̀ez
942 _2ddc
_cLBS1
999 _c50189
_d50189